[Event "I Capablanca IM"]
[Site "SchemingMind.com"]
[Date "2023.09.04"]
[Round "-"]
[White "CapaChess"]
[Black "Carlos Vila Hernández"]
[Result "1/2-1/2"]
[WhiteCountry "CUB"]
[BlackCountry "CUB"]
[WhiteElo "2526"]
[WhiteRD "56"]
[BlackElo "2555"]
[BlackRD "85"]
[GameID "736963"]

1. e4 e5 2. Nf3 Nc6 3. Bb5 a6 4. Ba4 Nf6 5. d3 b5 6. Bb3 Be7 7. a4 b4 8. Nbd2 Bc5 9. a5 d6 10. Ba4 Bd7
11. c3 O-O 12. O-O bxc3 13. bxc3 Rb8 14. Re1 Ne7 15. h3 Re8 16. Nf1 Bxa4 17. Qxa4 Qd7 18. Qc2 Nc6 19. Bg5 Nh5 20. Be3 Bxe3
21. Nxe3 h6 22. d4 exd4 23. Nd5 Ne7 24. Nxe7+ Qxe7 25. cxd4 Nf4 26. Qc6 Qe6 27. Re3=
1/2-1/2

[Event "I Capablanca IM"]
[Site "SchemingMind.com"]
[Date "2023.09.04"]
[Round "-"]
[White "Carlos Vila Hernández"]
[Black "MichaelChess"]
[Result "1/2-1/2"]
[WhiteCountry "CUB"]
[BlackCountry "CUB"]
[WhiteElo "2554"]
[WhiteRD "84"]
[BlackElo "2514"]
[BlackRD "73"]
[GameID "736964"]

1. d4 Nf6 2. c4 e6 3. Nf3 d5 4. Nc3 c6 5. Bg5 a6 6. e3 Be7 7. cxd5 cxd5 8. Bd3 Nc6 9. O-O O-O 10. Rc1 Bd7
11. Bb1 Rc8 12. Qc2 Nb4 13. Qb3 Nc6 14. Qc2 Nb4 15. Qd1 h6 16. Bh4 Nc6 17. h3 Ne8 18. Qc2 g6 19. Bg3 Nd6 20. Qd1 f5
21. Nd2 Na5 22. Nf3 Nf7 23. Ne1 Nc4 24. Nd3 Qa5 25. Rc2 Kh7 26. Qc1 Rc6 27. f3 Rfc8 28. Be1 Bg5 29. f4 Be7 30. Kh1 Qd8
31. g4 b5 32. a3 Nfd6 33. b3 Nxa3 34. Qxa3 Nc4 35. Qa1 Nxe3 36. Rcf2 Nxf1 37. Rxf1 R6c7 38. b4 a5 39. Qb2 Bxb4 40. Nxb4 axb4
41. Ne2 Rc4 42. Bd3 b3 43. Qxb3 Ra4 44. Bb4 fxg4 45. Rg1 h5 46. Kh2 Rca8 47. Bb1 R8a6 48. Qc3 Qh4 49. Rg3 Qd8 50. Qe1 Ra1
51. Bc3 R1a3 52. Bd3 Kg7 53. Qd2 Ra2 54. Qe3 R6a3 55. Bb4 Rb3 56. Bd2 Qc7 57. Rg2 Rbb2 58. hxg4 hxg4 59. Bc3 Qxc3 60. Nxc3 Rxg2+
61. Kh1 Rh2+ 62. Kg1 Rag2+ 63. Kf1 g3 64. Nxd5 Rf2+ 65. Kg1 Rhg2+=
1/2-1/2

[Event "I Capablanca IM"]
[Site "SchemingMind.com"]
[Date "2023.09.02"]
[Round "-"]
[White "CapaChess"]
[Black "MichaelChess"]
[Result "1-0"]
[WhiteCountry "CUB"]
[BlackCountry "CUB"]
[WhiteElo "2528"]
[WhiteRD "59"]
[BlackElo "2481"]
[BlackRD "81"]
[GameID "736965"]

1. e4 c5 2. d4 cxd4 3. c3 dxc3 4. Nxc3 Nc6 5. Nf3 d6 6. Bc4 e6 7. O-O a6 8. Qe2 Nge7 9. Be3 Ng6 10. Rad1 b5
11. Bb3 Na5 12. e5 Nxb3 13. exd6 Na5 14. h4 Bxd6 15. Ne4 Nb7 16. h5 Ne7 17. h6 O-O 18. hxg7 Kxg7 19. Nh4 f6 20. Qh5 Kh8
21. Bh6 Qe8 22. Qg4 Rg8 23. Qf3 Be5 24. Nxf6 Qf7 25. Nxg8 Kxg8 26. Qg4+ Kh8 27. Rfe1 Bxb2 28. Bg5 Nd5 29. Qg3 Nc5 30. Qd6 Bb7
31. Qxc5 Rg8 32. Nf3 Nf4 33. Qb4 Nh3+ 34. Kf1 Bg7 35. Re3 Nxg5 36. Nxg5 Qh5 37. Rd7 Bxg2+ 38. Kxg2 Qxg5+ 39. Rg3 Qf5 40. Qg4 Qxg4
41. Rxg4 a5 42. Rb7 b4 43. Ra7 h5 44. Rg5 Kh7 45. Raxa5 Kh6 46. Rxh5+ Kg6 47. Rhg5+ Kf6 48. Rg3 Re8 49. Rb5 Bf8 50. Rf3+ Kg6
51. Re5 Bd6 52. Re1 Kg5 53. Re4 Re7 54. Rd4 Bc5 55. Rd8 Rg7 56. Re8 Bd6 57. Rxe6 Bc7 58. Rc6 Be5 59. Rc5 Kh4+ 60. Kf1 Bd6
61. Rb5
1-0

[Event "I Capablanca IM"]
[Site "SchemingMind.com"]
[Date "2023.09.04"]
[Round "-"]
[White "Enri Arturo"]
[Black "Carlos Vila Hernández"]
[Result "1/2-1/2"]
[WhiteCountry "CUB"]
[BlackCountry "CUB"]
[WhiteElo "2553"]
[WhiteRD "90"]
[BlackElo "2552"]
[BlackRD "85"]
[GameID "736966"]

1. d4 Nf6 2. c4 e6 3. Nf3 b6 4. g3 Bb7 5. Bg2 Be7 6. O-O O-O 7. Re1 d5 8. cxd5 exd5 9. Nc3 Nbd7 10. Bf4 c5
11. Rc1 Ne4 12. h4 Ndf6 13. e3 c4 14. a4 Re8 15. Qc2 h6 16. Ne5 g5 17. Nxe4 Nxe4 18. Qe2 Nd6 19. hxg5 hxg5 20. Qg4 Kg7
21. Nxc4 Nxc4 22. Rxc4 Bf6 23. Bc7 Qc8 24. Qxc8 Raxc8 25. Rc2 Bxd4 26. Bh3 Ra8 27. b4 Bf6 28. Bg2 Rac8 29. Rec1 Kg6 30. b5 Be7
31. Be5=
1/2-1/2

[Event "I Capablanca IM"]
[Site "SchemingMind.com"]
[Date "2023.09.02"]
[Round "-"]
[White "MichaelChess"]
[Black "Enri Arturo"]
[Result "1/2-1/2"]
[WhiteCountry "CUB"]
[BlackCountry "CUB"]
[WhiteElo "2481"]
[WhiteRD "81"]
[BlackElo "2544"]
[BlackRD "84"]
[GameID "736967"]

1. e4 e5 2. Nf3 Nc6 3. Bc4 Bc5 4. c3 Nf6 5. d3 d6 6. O-O Bb6 7. a4 a5 8. Na3 O-O 9. Bg5 h6 10. Bh4 g5
11. Bg3 Ne7 12. Re1 Nh5 13. Ba2 Nxg3 14. hxg3 Ng6 15. d4 Qf6 16. Nc4 Ba7 17. Ne3 g4 18. Nh2 h5 19. Nd5 Qd8 20. Qd2 Kg7
21. Ne3 f5 22. Nxf5+ Bxf5 23. exf5 Rxf5 24. Rad1 Qg5 25. Nf1 Qxd2 26. Rxd2 Rg5 27. Ne3 h4 28. gxh4 Nxh4 29. Nf1 Nf5 30. g3 exd4
31. Kg2 Bc5 32. Nh2 dxc3 33. bxc3 c6=
1/2-1/2

[Event "I Capablanca IM"]
[Site "SchemingMind.com"]
[Date "2023.09.02"]
[Round "-"]
[White "Enri Arturo"]
[Black "CapaChess"]
[Result "1/2-1/2"]
[WhiteCountry "CUB"]
[BlackCountry "CUB"]
[WhiteElo "2553"]
[WhiteRD "98"]
[BlackElo "2526"]
[BlackRD "56"]
[GameID "736968"]

1. d4 Nf6 2. c4 e6 3. g3 d5 4. Nf3 Bb4+ 5. Bd2 Be7 6. Bg2 O-O 7. Qc2 c6 8. O-O Nbd7 9. Rd1 b6 10. Bf4 Ba6
11. b3 Rc8 12. Nc3 Nh5 13. Bc1 Nhf6 14. Bb2 Qc7 15. Nd2 Rfd8 16. e4 c5 17. exd5 cxd4 18. dxe6 fxe6 19. Nce4 e5 20. Ng5 Nf8
21. Qf5 h6 22. Nge4 Bb7 23. Nxf6+ Bxf6 24. Ne4 Be7 25. f4 exf4 26. Bxd4 Bxe4 27. Bxe4 Rxd4 28. Rxd4 Bc5 29. Kg2 Bxd4 30. Qd5+ Kh8
31. Qxd4 Ne6 32. Qd5 Ng5=
1/2-1/2

[Event "I Capablanca IM"]
[Site "SchemingMind.com"]
[Date "2023.09.04"]
[Round "-"]
[White "Carlos Vila Hernández"]
[Black "trazadora"]
[Result "1/2-1/2"]
[WhiteCountry "CUB"]
[BlackCountry "CUB"]
[WhiteElo "2555"]
[WhiteRD "85"]
[BlackElo "2525"]
[BlackRD "88"]
[GameID "736972"]

1. d4 d5 2. c4 e6 3. Nc3 Nf6 4. Nf3 Bb4 5. Bg5 h6 6. Qa4+ Nc6 7. Bxf6 Qxf6 8. e3 O-O 9. Be2 dxc4 10. O-O Qe7
11. a3 Bxc3 12. bxc3 Qd6 13. Nd2 Bd7 14. Qxc4 b6 15. Nb3 Rab8 16. a4 e5 17. Rfd1 exd4 18. cxd4 Nb4 19. Qc3 Nd5 20. Qd3 Rfd8
21. Bf3 Nb4 22. Qc3 a5 23. Nd2 c5 24. dxc5 Qxc5 25. Qxc5 bxc5 26. Nc4 Be6 27. Nxa5 Rxd1+ 28. Rxd1 c4=
1/2-1/2

[Event "I Capablanca IM"]
[Site "SchemingMind.com"]
[Date "2023.09.02"]
[Round "-"]
[White "MichaelChess"]
[Black "trazadora"]
[Result "1/2-1/2"]
[WhiteCountry "CUB"]
[BlackCountry "CUB"]
[WhiteElo "2481"]
[WhiteRD "81"]
[BlackElo "2540"]
[BlackRD "80"]
[GameID "736973"]

1. e4 e5 2. Nf3 Nc6 3. Bc4 Bc5 4. c3 Nf6 5. d3 a5 6. O-O Ba7 7. Nbd2 O-O 8. Re1 d6 9. Nf1 Be6 10. Bxe6 fxe6
11. Ng3 Qe8 12. h3 a4 13. Be3 Bxe3 14. Rxe3 h6 15. Qc2 Ra5 16. d4 exd4 17. cxd4 d5 18. e5 Nh5 19. Ne2 Nf4 20. Nxf4 Rxf4
21. Ra3 Qf8 22. Rd1 Qb4 23. g3 Re4 24. Kg2 Ra8 25. Rad3 Qb5 26. Qc1 Rf8 27. R1d2 b6 28. Qd1 Nb4 29. Rc3 c5 30. a3 Nc6
31. dxc5 d4 32. Nxd4 Nxd4 33. Rxd4 Qxb2 34. Qd2 Re2 35. Qxb2 Rfxf2+ 36. Kg1 Rg2+=
1/2-1/2

[Event "I Capablanca IM"]
[Site "SchemingMind.com"]
[Date "2023.09.02"]
[Round "-"]
[White "trazadora"]
[Black "Enri Arturo"]
[Result "1/2-1/2"]
[WhiteCountry "CUB"]
[BlackCountry "CUB"]
[WhiteElo "2540"]
[WhiteRD "80"]
[BlackElo "2544"]
[BlackRD "84"]
[GameID "736974"]

1. d4 Nf6 2. Bf4 g6 3. e3 Bg7 4. Nf3 O-O 5. Nbd2 d6 6. h3 Nfd7 7. Bh2 e5 8. dxe5 dxe5 9. c3 a5 10. Be2 Kh8
11. O-O Qe7 12. Qc2 Nc6 13. a4 f5 14. Bb5 g5 15. Rad1 g4 16. hxg4 fxg4 17. Ne1 Nd8 18. Ne4 Nf7 19. f4 exf4 20. Bxf4 Nde5
21. Ng3 Ng6 22. Qe4 Be6 23. Nc2 Nxf4 24. exf4 Nd6 25. Qe3 Qf7 26. Nd4 Ba2 27. Bd3 Bf6 28. f5 Rae8 29. Qh6 Bg7 30. Qh4 Bf6
31. Qh6 Rg8 32. Rde1 Bg5 33. Qh2 Be3+ 34. Kh1 Bc4 35. Bxc4 Nxc4 36. Re2 Bxd4 37. cxd4 Rxe2 38. Nxe2 Re8 39. Ng3 Nxb2 40. f6 Nxa4
41. Nf5 Qxf6 42. Qxc7=
1/2-1/2

[Event "I Capablanca IM"]
[Site "SchemingMind.com"]
[Date "2023.09.02"]
[Round "-"]
[White "trazadora"]
[Black "CapaChess"]
[Result "1/2-1/2"]
[WhiteCountry "CUB"]
[BlackCountry "CUB"]
[WhiteElo "2528"]
[WhiteRD "86"]
[BlackElo "2532"]
[BlackRD "62"]
[GameID "736975"]

1. d4 Nf6 2. Bf4 d5 3. e3 c5 4. c3 Nc6 5. Nd2 Bf5 6. Qb3 Qc8 7. c4 e6 8. Ngf3 a5 9. dxc5 Bxc5 10. cxd5 Nxd5
11. Bg3 a4 12. Qc4 Ra5 13. e4 Bg6 14. exd5 exd5 15. Qf4 Qe6+ 16. Be2 Bd3 17. Ng1 Rb5 18. Kf1 Rb4 19. Qf3 Bg6 20. Rc1 b6
21. h4 h5 22. Qc3 O-O 23. Ngf3 d4 24. Qa3 Rd8 25. Rxc5 bxc5 26. Bd1 Na7 27. b3 Nb5 28. Qc1 Nc3 29. Kg1 Qd5 30. Kh2 f6
31. Re1 Nxa2 32. Qa3 Nc3 33. bxa4 Nxd1 34. Rxd1 Bc2 35. Rc1 Bxa4 36. Ne1 Bc6 37. Qa5 Rb5 38. Qc7 Rd7=
1/2-1/2

[Event "I Capablanca IM"]
[Site "SchemingMind.com"]
[Date "2023.09.07"]
[Round "-"]
[White "trazadora"]
[Black "Rommel85"]
[Result "1/2-1/2"]
[WhiteCountry "CUB"]
[BlackCountry "CUB"]
[WhiteElo "2523"]
[WhiteRD "87"]
[BlackElo "2550"]
[BlackRD "79"]
[GameID "736983"]

1. d4 d5 2. Bf4 Nf6 3. e3 c5 4. c3 Nc6 5. Nd2 e6 6. Ngf3 Bd6 7. Bg3 O-O 8. Bd3 g6 9. O-O b6 10. Ne5 Bb7
11. Qf3 Bxe5 12. Bxe5 Nh5 13. Qh3 f6 14. Qxe6+ Kg7 15. Bf4 cxd4 16. Rfd1 dxc3 17. bxc3 d4 18. Bb5 Re8 19. Qc4 Nxf4 20. exf4 Rc8
21. Nb3 a6 22. Bxc6 Rxc6 23. Qxd4 Qxd4 24. Nxd4 Rxc3 25. Rab1 Rc4 26. h3 b5 27. Nxb5=
1/2-1/2

[Event "I Capablanca IM"]
[Site "SchemingMind.com"]
[Date "2023.09.07"]
[Round "-"]
[White "Rommel85"]
[Black "Carlos Vila Hernández"]
[Result "1/2-1/2"]
[WhiteCountry "CUB"]
[BlackCountry "CUB"]
[WhiteElo "2550"]
[WhiteRD "79"]
[BlackElo "2552"]
[BlackRD "85"]
[GameID "736984"]

1. e4 e5 2. Nf3 Nc6 3. Bc4 Nf6 4. d3 Bc5 5. c3 a6 6. Bb3 O-O 7. Bg5 h6 8. Bh4 g5 9. Bg3 d6 10. Nbd2 Nh5
11. h3 Kg7 12. Bh2 f5 13. exf5 Bxf5 14. Qe2 Nf4 15. Bxf4 exf4 16. O-O-O Qd7 17. d4 Rae8 18. Qf1 Ba7 19. Bc2 b5 20. Re1 Ne7
21. Bxf5 Qxf5 22. Re2 Nd5 23. Qd1 b4 24. Rxe8 Rxe8 25. c4 Nf6 26. Re1 Rxe1 27. Qxe1 Kf7 28. Qf1 Qa5 29. Kb1 Qf5+ 30. Kc1 Qa5
31. Kb1=
1/2-1/2

[Event "I Capablanca IM"]
[Site "SchemingMind.com"]
[Date "2023.09.07"]
[Round "-"]
[White "MichaelChess"]
[Black "Rommel85"]
[Result "1-0"]
[WhiteCountry "CUB"]
[BlackCountry "CUB"]
[WhiteElo "2514"]
[WhiteRD "73"]
[BlackElo "2525"]
[BlackRD "76"]
[GameID "736985"]

1. e4 e5 2. Nf3 Nc6 3. Bc4 Nf6 4. d3 Bc5 5. c3 d6 6. h3 O-O 7. O-O a5 8. Re1 h6 9. Nbd2 Be6 10. Bb5 Qb8
11. Nf1 Qa7 12. Be3 Bxe3 13. Nxe3 Ne7 14. a4 Ng6 15. Bc4 Bxc4 16. Nxc4 Qa6 17. g3 Rfe8 18. Qb3 b6 19. Kg2 Qb7 20. Rac1 Nf8
21. Ne3 N8d7 22. Ng4 Rad8 23. Qc4 Re6 24. Ne3 c6 25. b4 d5 26. exd5 cxd5 27. Qb5 axb4 28. d4 bxc3 29. Rxc3 Ra8 30. Rec1 exd4
31. Rc7 Qa6 32. Nxd5 Re4 33. Rxd7 Nxd7 34. Qxd7 Rf8 35. Qf5 Re2 36. Nxd4 Ree8 37. Rc6 Qa5 38. Rxb6 Qe1 39. Nc6
1-0

[Event "I Capablanca IM"]
[Site "SchemingMind.com"]
[Date "2023.09.07"]
[Round "-"]
[White "Rommel85"]
[Black "Enri Arturo"]
[Result "1/2-1/2"]
[WhiteCountry "CUB"]
[BlackCountry "CUB"]
[WhiteElo "2546"]
[WhiteRD "79"]
[BlackElo "2544"]
[BlackRD "84"]
[GameID "736986"]

1. e4 e5 2. Nf3 Nc6 3. Bc4 Bc5 4. c3 Nf6 5. d3 d6 6. O-O a6 7. Re1 O-O 8. h3 h6 9. a4 a5 10. Bb5 Ba7
11. Be3 Bxe3 12. Rxe3 g5 13. Bxc6 bxc6 14. Nh2 Be6 15. Nd2 c5 16. b3 Kh7 17. Ndf1 Rb8 18. Rb1 d5 19. Ng3 Rg8 20. Qc1 Rg6
21. Nf3 d4 22. Re1 Nd7 23. Nf5 Bxb3 24. Qd2 dxc3 25. Qxc3 Rgb6 26. Rbc1 Bxa4 27. Qa1 Rb4 28. Nxe5 Qf6 29. Nxd7 Qxa1=
1/2-1/2

[Event "I Capablanca IM"]
[Site "SchemingMind.com"]
[Date "2023.09.07"]
[Round "-"]
[White "Rommel85"]
[Black "CapaChess"]
[Result "1/2-1/2"]
[WhiteCountry "CUB"]
[BlackCountry "CUB"]
[WhiteElo "2550"]
[WhiteRD "79"]
[BlackElo "2519"]
[BlackRD "56"]
[GameID "736987"]

1. e4 c6 2. d4 d5 3. Nd2 dxe4 4. Nxe4 Nf6 5. Nxf6+ exf6 6. c3 Bd6 7. Bd3 O-O 8. Ne2 Re8 9. Qc2 h5 10. O-O h4
11. h3 Nd7 12. Bd2 Nf8 13. Rae1 Bc7 14. f4 g6 15. f5 g5 16. c4 b6 17. g3 hxg3 18. Be4 Qd7 19. Qd3 Ba6 20. b3 b5
21. Qf3 Rxe4 22. Qxe4 bxc4 23. Qg4 Nh7 24. h4 c3 25. hxg5 Kh8 26. Bxc3 Rg8 27. Qh4 Rxg5 28. Bd2 Rg7 29. Rf3 c5 30. Nxg3 cxd4
31. Bh6 Rg8 32. Kf2 d3 33. Be3 Rg7 34. Qd4 Qb5 35. Ne4 Bb7 36. Rh1 d2 37. a4 Qa6 38. Qd7 Rg2+ 39. Kxg2 Qe2+ 40. Bf2 Qxe4
41. Rxh7+ Kxh7 42. Qxf7+=
1/2-1/2

[Event "I Capablanca IM"]
[Site "SchemingMind.com"]
[Date "2023.10.04"]
[Round "-"]
[White "trazadora"]
[Black "palberto1963"]
[Result "1-0"]
[WhiteCountry "CUB"]
[BlackCountry "ESP"]
[WhiteElo "2540"]
[WhiteRD "80"]
[BlackElo "2531"]
[BlackRD "84"]
[GameID "737817"]

1. d4 d5 2. Bf4 Nf6 3. e3 c5 4. c3 Nc6 5. Nd2 Bf5 6. Qb3 Qc8 7. c4 dxc4 8. Bxc4 e6 9. dxc5 Bxc5 10. Ngf3 Na5
11. Qb5+ Qc6 12. Qxa5 O-O 13. O-O b6 14. Qb5 Qb7 15. Qa6 Qe7 16. Rfd1 Rad8 17. Qa4 a5 18. Bb5 Qb7 19. Rac1 h6 20. Be5 Bg6
21. Bd4 Bxd4 22. Nxd4 Bh5 23. f3 Nd5 24. Qb3 Ne7 25. Be2 Rd5 26. Nc4 Nc8 27. Nb5 Qe7 28. Rxd5 exd5 29. Nd2 f6 30. Qxd5+ Bf7
31. Qe4 Qxe4 32. fxe4 Rd8 33. Nc4 Re8 34. Ncd6 Nxd6 35. Nxd6 Rd8 36. Rc8 Rxc8 37. Nxc8 b5 38. a3 b4 39. axb4 axb4 40. Ne7+ Kf8
41. Nc6 b3 42. Nd4 g6 43. Bd1 h5 44. Bxb3 Be8 45. e5 fxe5 46. Nf3 g5 47. Nxg5
1-0

[Event "I Capablanca IM"]
[Site "SchemingMind.com"]
[Date "2023.10.03"]
[Round "-"]
[White "palberto1963"]
[Black "Carlos Vila Hernández"]
[Result "1/2-1/2"]
[WhiteCountry "ESP"]
[BlackCountry "CUB"]
[WhiteElo "2531"]
[WhiteRD "84"]
[BlackElo "2564"]
[BlackRD "83"]
[GameID "737818"]

1. d4 Nf6 2. c4 e6 3. Nf3 d5 4. Nc3 c6 5. Bg5 h6 6. Bh4 dxc4 7. e4 g5 8. Bg3 b5 9. h4 g4 10. Ne5 Bb7
11. Nxg4 Nxg4 12. Qxg4 Qxd4 13. Rd1 Qf6 14. a4 h5 15. Qg5 Qxg5 16. hxg5 Bb4 17. Be5 Rh7 18. Bf6 Nd7 19. e5 h4 20. Rh3 Nb6
21. g3 Nxa4 22. gxh4 c5 23. Rd2 Bxc3 24. bxc3 Bd5 25. h5 b4 26. f4 Rb8 27. f5 bxc3 28. Re2 Rb1+ 29. Kf2 exf5 30. e6 Bxe6
31. Rxe6+ fxe6 32. g6 Rh8 33. Bxc4 Rb2+ 34. Ke3 f4+ 35. Ke4 c2 36. Rd3 Rb8 37. Bb5+ Kf8 38. Rd7 Rxh5=
1/2-1/2

[Event "I Capablanca IM"]
[Site "SchemingMind.com"]
[Date "2023.10.07"]
[Round "-"]
[White "palberto1963"]
[Black "MichaelChess"]
[Result "1/2-1/2"]
[WhiteCountry "ESP"]
[BlackCountry "CUB"]
[WhiteElo "2542"]
[WhiteRD "87"]
[BlackElo "2517"]
[BlackRD "77"]
[GameID "737819"]

1. d4 Nf6 2. c4 e6 3. Nf3 d5 4. Nc3 c6 5. Bg5 Nbd7 6. e3 Be7 7. Bd3 h6 8. Bh4 O-O 9. Rc1 dxc4 10. Bxc4 Nd5
11. Bg3 Nxc3 12. bxc3 b6 13. O-O Bb7 14. Qe2 Nf6 15. Rfd1 c5 16. dxc5 Qc8 17. cxb6 axb6 18. Ne5 Ne4 19. Nd7 Rd8 20. Bb5 Nxc3
21. Qg4 h5 22. Qxh5 Ra5 23. Nxb6 Rxd1+ 24. Qxd1 Qf8 25. Rxc3 Rxb5 26. Nc4 Rc5 27. Be5 Qc8 28. Qc2 Qc6 29. f4 Ba6 30. Nd2 Qb5
31. h3 Qe2 32. Kh2 Qxe3 33. Nf3 Rxc3 34. Qxc3 Qxc3 35. Bxc3 Ba3 36. Nd2 f6 37. Nb1 Bd6 38. g3 Bb5 39. Bd4 e5 40. fxe5 fxe5
41. Bb2 Kf7 42. Nc3 Bc6 43. Nd1 Bd5 44. Nc3 Bc6 45. Nd1 Ke6 46. Ne3 Bc5 47. Nc4=
1/2-1/2

[Event "I Capablanca IM"]
[Site "SchemingMind.com"]
[Date "2023.10.07"]
[Round "-"]
[White "Rommel85"]
[Black "palberto1963"]
[Result "1/2-1/2"]
[WhiteCountry "CUB"]
[BlackCountry "ESP"]
[WhiteElo "2525"]
[WhiteRD "76"]
[BlackElo "2549"]
[BlackRD "86"]
[GameID "737820"]

1. e4 c5 2. Nf3 d6 3. Nc3 Nf6 4. d4 cxd4 5. Nxd4 a6 6. Be3 e5 7. Nb3 Be6 8. f3 h5 9. Qd2 Nbd7 10. O-O-O Be7
11. h3 b5 12. Kb1 Qc7 13. Nd5 Bxd5 14. exd5 Nb6 15. Bxb6 Qxb6 16. Na5 h4 17. Nc6 Qc5 18. b4 Qb6 19. c4 bxc4 20. Bxc4 a5
21. b5 Nd7 22. Rc1 Bf6 23. a4 Rh5 24. f4 Rf5 25. Rhf1 Rxf4 26. Rxf4 exf4 27. Qxf4 Qc5 28. Ka2 g5 29. Qd2 Kf8 30. Bb3 Qb6
31. Ka3 Re8 32. Nxa5 Kg7 33. Rc6 Qg1 34. Rc1 Qb6 35. Nc4=
1/2-1/2

[Event "I Capablanca IM"]
[Site "SchemingMind.com"]
[Date "2023.10.04"]
[Round "-"]
[White "Enri Arturo"]
[Black "palberto1963"]
[Result "1/2-1/2"]
[WhiteCountry "CUB"]
[BlackCountry "ESP"]
[WhiteElo "2544"]
[WhiteRD "84"]
[BlackElo "2531"]
[BlackRD "84"]
[GameID "737821"]

1. e4 c5 2. Nf3 d6 3. d4 cxd4 4. Nxd4 Nf6 5. Nc3 a6 6. Be3 e5 7. Nb3 Be6 8. h3 Be7 9. f4 exf4 10. Bxf4 Nc6
11. Qe2 Nd7 12. Qe3 Rc8 13. O-O-O Nce5 14. Nd4 O-O 15. Kb1 Re8 16. g4 Qa5 17. a3 h6 18. Nf5 Bxf5 19. exf5 Nb6 20. Bxe5 dxe5
21. Ne4 Red8 22. Be2 Nc4 23. Qb3 Rxd1+ 24. Rxd1=
1/2-1/2

[Event "I Capablanca IM"]
[Site "SchemingMind.com"]
[Date "2023.10.02"]
[Round "-"]
[White "palberto1963"]
[Black "CapaChess"]
[Result "1/2-1/2"]
[WhiteCountry "ESP"]
[BlackCountry "CUB"]
[WhiteElo "2533"]
[WhiteRD "91"]
[BlackElo "2519"]
[BlackRD "56"]
[GameID "737822"]

1. d4 Nf6 2. c4 e6 3. Nf3 d5 4. Nc3 c6 5. Bg5 h6 6. Bh4 dxc4 7. e4 g5 8. Bg3 b5 9. h4 g4 10. Ne5 Nbd7
11. Be2 Bb7 12. Nxd7 Qxd7 13. Be5 Qe7 14. b3 Rg8 15. Qc2 Nd7 16. Bg3 b4 17. Na4 c3 18. a3 Bg7 19. Rd1 a5 20. O-O Bf6
21. Bc7 Bxh4 22. e5 Qg5 23. g3 Bxg3 24. fxg3 Rc8 25. Bd6 Qe3+ 26. Kg2 c5+ 27. d5 exd5 28. Rxf7 d4+ 29. Kh2 Be4 30. Re7+ Kd8
31. Bd3 Qxd3 32. Rxd3 Rg5 33. Rf7 Rh5+ 34. Kg1 Rh1+ 35. Kf2 Nxe5 36. Rxd4 Rh2+=
1/2-1/2

[Event "I Capablanca IM"]
[Site "SchemingMind.com"]
[Date "2023.10.11"]
[Round "-"]
[White "Ilang"]
[Black "MichaelChess"]
[Result "1/2-1/2"]
[WhiteCountry "HUN"]
[BlackCountry "CUB"]
[WhiteElo "2495"]
[WhiteRD "68"]
[BlackElo "2481"]
[BlackRD "81"]
[GameID "738003"]

1. e4 c5 2. Nf3 d6 3. d4 cxd4 4. Nxd4 Nf6 5. Nc3 a6 6. f3 e5 7. Nb3 Be7 8. Be3 Be6 9. Qd2 O-O 10. O-O-O Nbd7
11. g4 b5 12. g5 Nh5 13. Nd5 Bxd5 14. exd5 f5 15. Rg1 f4 16. Bf2 Bxg5 17. Bh3 Be7 18. Na5 Qc7 19. Nc6 Rae8 20. c4 bxc4
21. Kb1 Nhf6 22. Rc1 Nb6 23. Be6+ Kh8 24. Rge1 Bd8 25. Bxb6 Qxb6 26. Rxc4 a5 27. a4 Qb7 28. Qc2 Bb6 29. Qb3 Qa6 30. Ka2 g6
31. Rec1 Kg7 32. Qc3 Be3 33. Rc2 Bb6 34. Rc1=
1/2-1/2

[Event "I Capablanca IM"]
[Site "SchemingMind.com"]
[Date "2023.10.12"]
[Round "-"]
[White "Enri Arturo"]
[Black "Ilang"]
[Result "1/2-1/2"]
[WhiteCountry "CUB"]
[BlackCountry "HUN"]
[WhiteElo "2553"]
[WhiteRD "90"]
[BlackElo "2500"]
[BlackRD "69"]
[GameID "738004"]

1. d4 Nf6 2. c4 e6 3. Nf3 d5 4. g3 Bb4+ 5. Bd2 Be7 6. Bg2 c6 7. Qc2 O-O 8. O-O b6 9. cxd5 cxd5 10. Ne5 Nfd7
11. Nd3 Bb7 12. e3 Nc6 13. b4 Ba6 14. a3 Bc4 15. Rc1 b5 16. Bc3 a5 17. Nd2 axb4 18. axb4 Bxd3 19. Qxd3 Nxb4 20. Bxb4 Bxb4
21. Nf3 Rxa1=
1/2-1/2

[Event "I Capablanca IM"]
[Site "SchemingMind.com"]
[Date "2023.10.10"]
[Round "-"]
[White "Ilang"]
[Black "trazadora"]
[Result "1/2-1/2"]
[WhiteCountry "HUN"]
[BlackCountry "CUB"]
[WhiteElo "2500"]
[WhiteRD "69"]
[BlackElo "2523"]
[BlackRD "87"]
[GameID "738005"]

1. e4 e5 2. Nf3 Nc6 3. Bb5 a6 4. Ba4 Nf6 5. O-O Be7 6. Re1 b5 7. Bb3 O-O 8. c3 d5 9. exd5 Nxd5 10. Nxe5 Nxe5
11. Rxe5 c6 12. d3 Bd6 13. Re1 Bf5 14. Qf3 Qf6 15. Nd2 Qg6 16. Bd1 Bxd3 17. Ne4 Bxe4 18. Qxe4 f5 19. Qe6+ Qxe6 20. Rxe6 Rfe8
21. Rxe8+ Rxe8 22. Kf1 a5 23. a4 b4 24. Bd2 bxc3 25. bxc3 Be5 26. Bf3 Bf6 27. Rc1 Rd8 28. g3 Nb6 29. Rc2 Rc8 30. Ra2 Kf7
31. Be1 Ke6 32. g4 Kd6 33. gxf5 Re8 34. Bd1=
1/2-1/2

[Event "I Capablanca IM"]
[Site "SchemingMind.com"]
[Date "2023.10.12"]
[Round "-"]
[White "Carlos Vila Hernández"]
[Black "Ilang"]
[Result "1/2-1/2"]
[WhiteCountry "CUB"]
[BlackCountry "HUN"]
[WhiteElo "2552"]
[WhiteRD "85"]
[BlackElo "2500"]
[BlackRD "69"]
[GameID "738006"]

1. d4 Nf6 2. c4 e6 3. Nf3 d5 4. Nc3 Bb4 5. Qa4+ Nc6 6. e3 O-O 7. Qc2 Re8 8. Bd2 a6 9. a3 Bd6 10. h3 h6
11. g4 b5 12. c5 Bf8 13. Bg2 e5 14. dxe5 Nxe5 15. Nxe5 Rxe5 16. O-O-O c6 17. e4 d4 18. Be3 Rxc5 19. Rxd4 Qe7 20. Rhd1 Be6
21. Rd6 Rc4 22. b3 Ne8 23. e5 Nxd6 24. exd6 Rxc3 25. Qxc3 Qd8 26. Kb1 Bd7 27. Be4 a5 28. Qd3 a4 29. b4 Qf6 30. Bf5 Rd8
31. Bh7+ Kh8 32. Bb6 Rb8 33. Bc5 Rd8 34. Be4 Kg8 35. Bd4 Qxd6 36. Bb6 Qxd3+ 37. Rxd3 Rb8 38. Rxd7 Rxb6 39. Rc7 g6 40. Rxc6 Rb8
41. f3 Kg7 42. Kb2 h5 43. Bd3 Be7 44. Kb1 Rb7 45. gxh5 gxh5 46. f4 h4 47. Be2 Bf8 48. Kb2=
1/2-1/2

[Event "I Capablanca IM"]
[Site "SchemingMind.com"]
[Date "2023.10.11"]
[Round "-"]
[White "Ilang"]
[Black "Rommel85"]
[Result "1/2-1/2"]
[WhiteCountry "HUN"]
[BlackCountry "CUB"]
[WhiteElo "2495"]
[WhiteRD "68"]
[BlackElo "2546"]
[BlackRD "79"]
[GameID "738007"]

1. e4 e5 2. Nf3 Nc6 3. Bb5 a6 4. Ba4 Nf6 5. O-O Be7 6. Re1 b5 7. Bb3 d6 8. c3 O-O 9. h3 Bb7 10. d4 Re8
11. Nbd2 Bf8 12. a3 h6 13. Bc2 Nb8 14. b3 Nbd7 15. Bb2 c6 16. Bd3 Nh5 17. Bf1 Nf4 18. Qc2 Rc8 19. g3 Ne6 20. h4 a5
21. Bh3 Qb6 22. b4 Ra8 23. Bf5 Bc8 24. Rec1 axb4 25. axb4 Rxa1 26. Bxa1 Qb7 27. Kg2 Qa8 28. Bb2 Qb7 29. Nb3 Nb6 30. dxe5 dxe5
31. Nxe5 c5 32. bxc5 Nxc5 33. Nxc5 Bxc5 34. Bxc8 Rxc8 35. Qe2 Bd6 36. Nf3 Nc4 37. Re1 Re8 38. Nd4=
1/2-1/2

[Event "I Capablanca IM"]
[Site "SchemingMind.com"]
[Date "2023.10.10"]
[Round "-"]
[White "CapaChess"]
[Black "Ilang"]
[Result "1/2-1/2"]
[WhiteCountry "CUB"]
[BlackCountry "HUN"]
[WhiteElo "2526"]
[WhiteRD "56"]
[BlackElo "2485"]
[BlackRD "77"]
[GameID "738008"]

1. e4 e5 2. Nf3 Nc6 3. d4 exd4 4. Bc4 Nf6 5. e5 d5 6. Bb5 Ne4 7. Nxd4 Bd7 8. Bxc6 bxc6 9. O-O Be7 10. f3 Nc5
11. Be3 Na4 12. b3 Nb6 13. c3 c5 14. Ne2 O-O 15. f4 a5 16. Nd2 a4 17. Nf3 Qb8 18. Qc2 Qa7 19. f5 f6 20. Rae1 axb3
21. axb3 Qa2 22. Qd1 d4 23. cxd4 Nd5 24. Nf4 Nxe3 25. Rxe3 cxd4 26. Nxd4 Bc5 27. Qd3 Qa7 28. Qc4+ Rf7 29. Rd1 Bb5 30. Qc3 Rd7
31. Nfe6 Bxd4 32. Rxd4 Qa1+ 33. Qxa1 Rxa1+ 34. Kf2 Rf1+ 35. Kg3 Rxf5 36. exf6 Rxf6=
1/2-1/2